Journal of Prosthetic Dentistry (Record no. 30162)

MARC details
000 -LEADER
fixed length control field 00203nam a22000977a 4500
003 - CONTROL NUMBER IDENTIFIER
control field SGT
245 ## - TITLE STATEMENT
Title Journal of Prosthetic Dentistry
260 ## - PUBLICATION, DISTRIBUTION, ETC. (IMPRINT)
Year of Publication 2011,2013,2018
300 ## - PAGE DESCRIPTION
No. of Pages 420,550,970,
942 ## - ADDED ENTRY ELEMENTS (KOHA)
Source of classification or shelving scheme Dewey Decimal Classification
Koha item type Back Volumes
Holdings
Withdrawn status Lost status Source of classification or shelving scheme Damaged status Use restrictions Not for loan Home library Current library Date acquired Volume Information (Serial or Books or Non-Book Material) SGTU Accession No. (Barcode) Date last seen Bill Date Koha item type
    Dewey Decimal Classification   Restricted Access Not For Loan SGT Dental Library SGT Dental Library 04/03/2025 Vol.106 SGTU PD996 04/03/2025 04/03/2025 Back Volumes
    Dewey Decimal Classification   Restricted Access Not For Loan SGT Dental Library SGT Dental Library 04/03/2025 Vol.110 SGTU PD997 04/03/2025 04/03/2025 Back Volumes
    Dewey Decimal Classification   Restricted Access Not For Loan SGT Dental Library SGT Dental Library 04/03/2025 Vol.120 SGTU PD998 04/03/2025 04/03/2025 Back Volumes